Statistical ecology : (Record no. 15098)

000 -LEADER
fixed length control field 00785cam a2200217 a 4500
020 ## - INTERNATIONAL STANDARD BOOK NUMBER
ISBN 0471832359
040 ## - CATALOGING SOURCE
Transcribing agency DLC
082 00 - DEWEY DECIMAL CLASSIFICATION NUMBER
Classification number 574 WIL 1988 A063 Or.
100 1# - MAIN ENTRY--AUTHOR NAME
Personal name Ludwig, John A.
245 10 - TITLE STATEMENT
Title Statistical ecology :
Remainder of title a primer on methods and computing /
260 ## - PUBLICATION, DISTRIBUTION, ETC. (IMPRINT)
Place of publication New York :
Name of publisher Wiley,
Year of publication c1988.
300 ## - PHYSICAL DESCRIPTION
Number of Pages xviii, 337 p. :
Other physical details ill. ;
Dimensions 24 cm. +
Accompanying material 1 computer disk (5 1/4 in.)
500 ## - GENERAL NOTE
General note "A Wiley-Interscience publication."
500 ## - GENERAL NOTE
General note Includes index.
500 ## - GENERAL NOTE
General note System requirements for computer disk: IBM PC or compatable; MS-DOS or PC-DOS 2.0 or higher.
650 #0 - SUBJECT ADDED ENTRY--TOPICAL TERM
Topical Term Ecology
700 1# - ADDED ENTRY--PERSONAL NAME
Personal name Reynolds, James F.,
856 42 - ELECTRONIC LOCATION AND ACCESS
Uniform Resource Identifier http://www.loc.gov/catdir/description/wiley031/87026348.html
856 4# - ELECTRONIC LOCATION AND ACCESS
Uniform Resource Identifier http://www.loc.gov/catdir/toc/onix01/87026348.html
942 ## - ADDED ENTRY ELEMENTS (KOHA)
Koha item type សៀវភៅភាសាអង់គ្លេស
952 ## - LOCATION AND ITEM INFORMATION (KOHA)
Withdrawn status [LOCAL, KOHA] 0
Holdings
Permanent Location Date acquired Koha item type Lost status Shelving location Barcode Current Location Full call number
Library Block A2017-11-10សៀវភៅភាសាអង់គ្លេស A063A06855Library Block A574 WIL 1988 A063 Or.
មជ្ឈមណ្ឌលឯការនៃសាកលវិទ្យាល័យភូមិន្ទកសិកម្មចំការដូង

Powered by Koha